000 00429nam a2200157Ia 4500
008 240729s9999 xx 000 0 und d
022 _a2377-617X
245 0 _aOceanography
260 _aUnited States
260 _bThe Oceanography Society
650 _a Oceanography
650 _aGeography. Anthropology. Recreation
856 _uhttps://doaj.org/toc/8d68356d240a40c68aeaba5147860d38
942 _2ddc
942 _cDOAJEJ
999 _c66038
_d66038
945 _a1
_bMadushi Gamage
_c1
_dMadushi Gamage